000 00449nam a2200181Ia 4500
001 2293
005 20260306144756.0
008 260306t2016||||xx |||||||||||||| ||spa||
041 _aESP
082 _a616.8552
_bT41
100 _aTerradillos, Estibaliz
_eAUT
245 0 _aGuía de intervención logopédica en las afasias
260 _c2016
300 _a218 páginas :
_c22 cm.
650 _aGEN
654 _aCPS
942 _cLIB
_dJUS
_fJUS
_2ddc
_n
999 _c2293
_d2293